| 000 | 02820nam a2200445 i 4500 | ||
|---|---|---|---|
| 001 | 196073 | ||
| 003 | ES-MaACL | ||
| 005 | 20250430063001.0 | ||
| 008 | 240811s2012 sp a | |||| 001 0 spa | ||
| 015 | _aMON12 | ||
| 017 |
_aNA 389-2012 _bOficina Depósito Legal Navarra |
||
| 020 | _a9788477682257 | ||
| 035 | _a(OCoLC)828275354 | ||
| 035 | _a(SpMaBN)a5233348 | ||
| 035 | _a991036547219708606 | ||
| 040 |
_aSpMaBN _bspa _cSpMaBN _erdc |
||
| 080 | _a327(729.1:460)"18/19" | ||
| 080 | _a327(460:729.1)"18/19" | ||
| 080 | _a94(729.1)"1899/1902" | ||
| 080 | _a94(729.1)"1902/33" | ||
| 100 |
_aOtero Abreu, Hilda, _d1965- _9238086 _eaut |
||
| 245 | 1 | 3 |
_aLa diplomacia de los vencidos : _bCuba y España, 1898-1931 / _cHilda Otero Abreu. |
| 260 |
_a[Pamplona] : _bEunate, _cD.L. 2012. |
||
| 300 |
_a461 p. : _bil. col. ; _c24 cm. |
||
| 336 |
_aTexto (visual) _2isbdcontent |
||
| 337 |
_asin mediación _2isbdmedia |
||
| 338 |
_2rdacarrier _avolumen |
||
| 504 | _aBibliografía: p. [425]-437. Índice | ||
| 520 | _aA pesar de haber transcurrido más de un siglo de la independencia de España, "la madre patria" ha seguido presente en el ideario popular cubano. A su vez, para los españoles Cuba es aún un "sentimiento" arraigado más allá de intereses políticos. Al estudiar la recomposición de los vínculos a nivel de Estado entre ambos territorios tras la independencia, se descubre otra historia de Cuba. Es la que intenta reflejar este texto. Una historia de encuentros y desencuentros entre dos naciones vencidas pero que aún se necesitaban. La derrota española en el 98 marcó un hito político para los territorios involucrados en el conflicto. España sellaba la derrota ante la diplomacia norteamericana en los acuerdos de París, mientras los territorios segregados en la contienda colonial siguieron diferentes derroteros. Cuba permaneció bajo protectorado norteamericano hasta 1902, fecha en que las tropas norteamericanas abandonaron la isla. Este libro estudia las relaciones diplomáticas hispano cubanas tras la salida del ejercito español de Cuba en 1899, hasta el final de la dictadura de Primo de Rivera en 1931. | ||
| 651 | 7 |
_aCuba- _xRelaciones- _zEspaña _9162519 |
|
| 651 | 4 |
_aEspaña- _xRelaciones- _zCuba _2embne _98460 |
|
| 651 | 7 |
_aCuba- _xHistoria- _y1899-1902, Intervención norteamericana _9149193 |
|
| 651 | 7 |
_aCuba- _xHistoria- _y1902-1933 _9155981 |
|
| 852 |
_aES-MaACL _bR.153005 _cDEPOJ _jN-9200 _gDedicatoria autógrafa de la autora _hDonación: Hilda Otero Abreu _xEncuadernación rústica con solapas _9205105 |
||
| 903 |
_9238086 _aOtero Abreu, Hilda, _d1965- _ednr |
||
| 942 |
_cMONOGRAFIA _n0 |
||
| 999 |
_c196073 _d196073 |
||